| 000 | 00840nam a2200205 a 4500 | ||
|---|---|---|---|
| 001 | 000024996 | ||
| 005 | 20200930023509.0 | ||
| 008 | 110208s1967 ag r 000 0 spa d | ||
| 040 |
_aDO-SdBNP _bspa _cBNPHU |
||
| 082 |
_axxxxx _bN817c |
||
| 100 | 1 |
_aNoonan Jr., John T. _951296 |
|
| 245 | 1 | 0 |
_aContraconcepción : _bdesarrollo y análisis del tema a través de los canonistas y teólogos católicos / _cJohn T. Noonan Jr. ; traducción Jorge L. García Venturini. |
| 250 | _a2a ed. | ||
| 260 |
_aBuenos Aires, Argentina : _bTroquel, _c1967. |
||
| 300 |
_a565 p. ; _c22 cm. |
||
| 504 | _aIncluye referencias bibliográficas y notas al pie de las páginas. | ||
| 534 |
_aTítulo original: _tContraception, a history of it´s treatment _cHarvard University Press, 1965 |
||
| 700 | 1 |
_aGarcía Venturini, Jorge L., _etr. _951297 |
|
| 049 | _aBNGR | ||
| 999 |
_c24489 _d24489 |
||